| 000 | 00423 a2200157 4500 | ||
|---|---|---|---|
| 020 | _a0072318082 | ||
| 040 |
_aDLC _bDLC |
||
| 082 | 0 | 0 | _a541.3 |
| 100 | 1 | _aLevine, Ira N., | |
| 245 | 1 | 0 |
_aPhysical chemistry _cIra N. Levine. |
| 250 | _a5th ed. | ||
| 260 |
_aNew Delhi : _bTata McGraw-Hill, _cc2002. |
||
| 300 |
_axxi, 986 p. : _bill. ; _c26 cm. |
||
| 650 | 0 | _aChemistry, Physical and theoretical. | |
| 942 |
_cBK _k541.3 LEV _2ddc |
||
| 999 |
_c7787 _d7787 |
||